| 000 | 00473nam a2200181Ia 4500 | ||
|---|---|---|---|
| 003 | GCL | ||
| 008 | 140319s9999 xx 000 0 eng d | ||
| 040 |
_aGCL / _cGCL |
||
| 082 | 0 | 4 |
_a745.4 _bK C |
| 100 | 1 | _aSHEPHERD, T.J | |
| 245 | 1 | 0 |
_aCRAFT DESIGN & TECHNOLOGY / _cSHEPHERD, T.J |
| 700 | 1 | _aKIMBELL, RICHARD | |
| 700 | 1 | _aPLATER, JOHN | |
| 260 |
_a[S.N] : _bRICHARD KIMBELL AND THAMES TELEVISON ، _c1987 |
||
| 300 | _a103 P | ||
| 650 | 0 | 4 | _aDESIGN |
| 942 |
_2ddc _cBK |
||
| 999 |
_c20696 _d20696 |
||